[Event "IRQ-chT 29th"]
[Site "Baghdad"]
[Date "2017.03.23"]
[Round "7"]
[White "Ali Firas, Qassim"]
[Black "Ahmed, Jaza Jamal"]
[Result "1/2-1/2"]
[WhiteElo "1408"]
[BlackElo "1846"]
[PlyCount "115"]
[EventDate "2017.03.09"]
[EventType "team-match"]
[EventRounds "11"]
[EventCountry "IRQ"]
[SourceTitle "CBM 177 Extra"]
[Source "ChessBase"]
[SourceDate "2017.04.27"]
[SourceVersion "1"]
[SourceVersionDate "2017.04.27"]
[SourceQuality "1"]
[WhiteTeam "Etisalat"]
[BlackTeam "Peshmarga"]
[WhiteTeamCountry "IRQ"]
[BlackTeamCountry "IRQ"]

1. e4 c5 2. Nf3 d6 3. d4 cxd4 4. Qxd4 Nc6 5. Bb5 Bd7 6. Bxc6 bxc6 7. Nc3 e5 8. Qd3 Be7 9. 0-0 h6 10. Be3 Nf6 11. h3 0-0 12. Rad1 Be6 13. b3 Qc7 14. Ne2 d5 15. Ng3 Rfd8 16. Qe2 Nxe4 17. Nxe4 dxe4 18. Nd2 f5 19. f4 exf4 20. Bxf4 Bd6 21. Bxd6 Qxd6 22. Nxe4 Qe5 23. Ng3 Qxe2 24. Nxe2 g6 25. Nd4 Bd5 26. c4 Be4 27. Ne6 Rxd1 28. Rxd1 Re8 29. Nc5 Bc2 30. Rd6 Kf7 31. Rxc6 f4 32. Rc7+ Re7 33. Rxe7+ Kxe7 34. Kf2 Kd6 35. Na4 Ke5 36. Nc3 a6 37. Nd5 Bb1 38. Nb4 Kd4 39. Nc6+ Kc3 40. Nb8 Bxa2 41. Nxa6 Bxb3 42. c5 Bd5 43. Nb8 Kd4 44. c6 Ke5 45. c7 Bb7 46. Nc6+ Kd6 47. Nd8 Bc8 48. Nf7+ Kxc7 49. Nxh6 Bb7 50. Ng4 Kd6 51. g3 g5 52. gxf4 gxf4 53. h4 Ke6 54. h5 Kf5 55. h6 Kg6 56. Ne5+ Kxh6 57. Nd3 Kg5 58. Nxf4 1/2-1/2